000 00623nam a22002297a 4500
999 _c13724
_d13724
003 MIRAKIL
005 20200122103114.0
008 200122b tu ||||| |||| 00| 0 tur d
022 _a13087878
040 _aTR-AnCHP
_cTR-AnCHP
041 _atur
082 _aCHP 050
090 _a050 DER 87
245 1 0 _aNTV Tarih
_cDoğuş Grubu
260 _aİstanbul:
_bDoğuş Grubu İletişim Yayıncılık ve Ticaret A.Ş.,
_c2009
300 _ac. :
_brnk. res. ;
_c28 sm.
310 _aAylık
362 _a1. yıl, 1. sayı, (Şubat 2009)-
650 4 _91099
_aTarih
740 _aTarih Dergisi
942 _2ddc
_cSER
_s1